000 02055nam0a2200325 i 4500
001 RU\NLR\BIBL_A\010745505
005 20241103070154.0
010 _a9785764106502
_9100
021 _aRU
_b2015-21243
_91270
035 _a(NILC)RuMoRGB-007896108
035 _a(NLR Aleph) 010745505
090 _a9921798
_c9921798
100 _a20150507d2014 m y0rusy50 ca
101 0 _arus
102 _aRU
105 _aa j 000yy
200 1 _aСоздание цифровой модели местности с использованием программных комплексов CREDO_DAT и CREDO ТОПОПЛАН
_eметодическое пособие для студентов, обучающихся по направлению "Землеустройство и кадастры"
_fД. В. Крашеницин, Н. В. Канашин
_gФедер. агентство ж.-д. трансп., Федер. гос. бюджет. образоват. учреждение высш. проф. образования "Петербургский гос. ун-т путей сообщ. императора Александра I" (ФГБОУ ВПО ПГУПС)
210 _aСанкт-Петербург
_cФГБОУ ВПО ПГУПС
_d2014
215 _a46 с.
_cил.
_d21
606 1 _aЗемельный кадастр
_jУчебно-методические пособия для высших учебных заведений
_xКомпьютеризация
_92135606
_3RU\NLR\AUTH\661287814
606 _aCREDO, программный комплекс
_jУчебно-методические пособия для высших учебных заведений
_92171053
_3RU\NLR\AUTH\6601542490
686 1 _aД14в641.8 я73
686 1 _aУ32(2)-517я73
700 1 _aКрашеницин
_bД. В.
_gДмитрий Владимирович
701 1 _aКанашин
_bН. В.
_gНиколай Владимирович
801 0 _aRU
_bРГБ
_c20150325
_gRCR
942 _cBOOK
980 _aNBR